El secreto del universo
Salvato in:
| Autore principale: | |
|---|---|
| Natura: | Libro |
| Lingua: | spagnolo |
| Pubblicazione: |
Madrid
Alianza
1992
|
| Serie: | Alianza universo
|
| Soggetti: | |
| Tags: |
Aggiungi Tag
Nessun Tag, puoi essere il primo ad aggiungerne!!
|
MARC
| LEADER | 00000nam a2200000 a 4500 | ||
|---|---|---|---|
| 001 | UCV9738 | ||
| 003 | CL-VaPUC | ||
| 008 | 930419e19920000SP |||||||||||||||||spa|d | ||
| 082 | 0 | 4 | |a 523.2 |b KEP |2 21 |
| 100 | |a Kepler, Johannes |e author |9 315045 | ||
| 245 | 1 | 3 | |a El secreto del universo |
| 300 | |a 281 p | ||
| 942 | |c BK | ||
| 945 | |d 19930419 00:00:00 |a mfernand | ||
| 260 | |a Madrid |b Alianza |c 1992 | ||
| 650 | 7 | |a SISTEMA SOLAR |2 CL-VaPUC |9 268650 | |
| 650 | 0 | |a Astronomía |v Obras anteriores a 1800 |9 268651 | |
| 650 | 0 | |a Cosmogonía |9 268652 | |
| 583 | |a last modification |c 19930419 00:00:00 |k Rodrigo Vera | ||
| 490 | 0 | |a Alianza universo | |
| 999 | |c 215038 |d 215036 | ||
| 952 | |0 0 |1 0 |4 0 |6 523_200000000000000_KEP_1992 |7 0 |8 P |9 198946 |a BIBARQ |b BIBARQ |d 2019-11-14 |i 2662930 |o 523.2 KEP 1992 |p 2662930 |r 2025-01-20 |w 2019-11-14 |y BK |k ARQ | ||
| 952 | |0 0 |1 0 |4 0 |6 523_200000000000000_KEP_1992 |7 0 |8 A |9 198947 |a BIBCUR |b BIBCUR |d 2019-11-14 |i 3025373 |o 523.2 KEP 1992 |p 3025373 |r 2025-04-22 |w 2019-11-14 |y BK |k FIS | ||
| 952 | |0 0 |1 0 |4 0 |6 523_200000000000000_KEP_1992 |7 0 |8 A |9 198948 |a BIBCUR |b BIBCUR |d 2019-11-14 |i 3697177 |o 523.2 KEP 1992 |p 3697177 |r 2025-04-22 |w 2019-11-14 |y BK |k FIS | ||
| 952 | |0 0 |1 0 |4 0 |6 523_200000000000000_KEP_1992 |7 0 |8 A |9 198949 |a BIBCUR |b BIBCUR |d 2019-11-14 |i 3182118 |o 523.2 KEP 1992 |p 3182118 |r 2025-04-22 |w 2019-11-14 |y BK |k BCB | ||